Left for dead #7 / J.A. Jance.
Available copies
- 3 of 3 copies available at LARL/NWRL Consortium.
- 1 of 1 copy available at Lake Agassiz Regional Library. (Show preferred library)
Current holds
0 current holds with 3 total copies.
View other formats and editions
Show Only Available Copies
| Location | Call Number / Copy Notes | Barcode | Shelving Location | Status | Due Date |
|---|---|---|---|---|---|
| Moorhead Public Library | M JAN (Text) | 33500010635324 | Main | Available | - |
| Hallock Public Library | JAN (Text) | 35500005025380 | Main | Available | - |
| Roseau Public Library | JAN (Text) | 35500005025216 | Main | Available | - |
Record details
- ISBN: 9781451628586 (hardcover : alk. paper)
- ISBN: 1451628587 (hardcover : alk. paper)
- ISBN: 9781451628623 (ebook)
- ISBN: 1451628625 (ebook)
- ISBN: 9781451628609 (pbk. : alk. paper)
- ISBN: 1451628609 (pbk. : alk. paper)
- Physical Description: 293 p. ; 24 cm.
- Edition: 1st Touchstone hardcover ed.
- Publisher: New York : Touchstone, 2012.
Search for related items by subject
| Subject: | Reynolds, Ali (Fictitious character) > Fiction. Murder > Investigation > Fiction. Arizona > Fiction. Mexican-American Border Region > Fiction. |
| Genre: | Mystery fiction. |
Search for related items by series
| LDR | 01874cam a22004698a 4500 | ||
|---|---|---|---|
| 001 | 137325 | ||
| 003 | LARL_NWRL_CONSORTIUM | ||
| 005 | 20111214091908.0 | ||
| 008 | 110708s2012 nyu 000 1 eng | ||
| 020 | . | ‡a9781451628586 (hardcover : alk. paper) | |
| 020 | . | ‡a1451628587 (hardcover : alk. paper) | |
| 020 | . | ‡a9781451628623 (ebook) | |
| 020 | . | ‡a1451628625 (ebook) | |
| 020 | . | ‡a9781451628609 (pbk. : alk. paper) | |
| 020 | . | ‡a1451628609 (pbk. : alk. paper) | |
| 035 | . | ‡a(OCoLC)740281725 | |
| 043 | . | ‡an-us-az ‡an-mx--- | |
| 082 | 0 | 0. | ‡a813/.54 ‡223 |
| 100 | 1 | . | ‡aJance, Judith A. ‡0(LARL_NWRL_CONSORTIUM)153746 |
| 245 | 1 | 0. | ‡aLeft for dead ‡n#7 / ‡cJ.A. Jance. |
| 250 | . | ‡a1st Touchstone hardcover ed. | |
| 260 | . | ‡aNew York : ‡bTouchstone, ‡c2012. | |
| 300 | . | ‡a293 p. ; ‡c24 cm. | |
| 490 | 0 | . | ‡aAli Reynolds ; ‡v7 |
| 650 | 0. | ‡aReynolds, Ali (Fictitious character) ‡vFiction. | |
| 650 | 0. | ‡aMurder ‡xInvestigation ‡vFiction. ‡0(LARL_NWRL_CONSORTIUM)166203 | |
| 651 | 0. | ‡aArizona ‡vFiction. ‡0(LARL_NWRL_CONSORTIUM)163221 | |
| 651 | 0. | ‡aMexican-American Border Region ‡vFiction. ‡0(LARL_NWRL_CONSORTIUM)166121 | |
| 655 | 7. | ‡aMystery fiction. ‡2gsafd | |
| 901 | . | ‡a137325 ‡bOCLC ‡c137325 ‡tbiblio | |

Add to basket
Permalink
Disable Highlighting